[Event "Crikvenica City-ch"]
[Site "Crikvenica"]
[Date "2022.02.22"]
[Round "5"]
[White "Zagorac, Marko"]
[Black "Fele, Vladimir"]
[Result "1-0"]
[WhiteElo "1605"]
[BlackElo "1806"]
[PlyCount "82"]
[EventDate "2022.02.12"]
[EventType "swiss"]
[EventRounds "7"]
[EventCountry "CRO"]
[SourceTitle "CBM 207 Extra"]
[Source "ChessBase"]
[SourceDate "2022.05.31"]
[SourceVersion "1"]
[SourceVersionDate "2022.05.31"]
[SourceQuality "1"]

1. e4 d6 2. Nf3 e5 3. Nc3 Be6 4. d4 exd4 5. Nxd4 Bd7 6. Be3 g6 7. Be2 Bg7 8. Qd2 Nf6 9. h3 0-0 10. Bh6 Re8 11. Bxg7 Kxg7 12. f3 a6 13. 0-0-0 Nc6 14. g4 Qe7 15. h4 Rad8 16. h5 Ng8 17. hxg6 fxg6 18. Bc4 Nxd4 19. Qxd4+ Qf6 20. Qe3 Be6 21. Bxe6 Qxe6 22. Rh3 Rd7 23. Rdh1 Kh8 24. Kb1 c6 25. Qg5 Qf6 26. Qd2 Rf8 27. Ne2 Rff7 28. Qb4 d5 29. exd5 Rxd5 30. Qc3 Rfd7 31. Qxf6+ Nxf6 32. b3 Rd1+ 33. Kb2 Rxh1 34. Rxh1 Nd5 35. Nc3 Nf4 36. Ne4 Kg7 37. Rxh7+ Kxh7 38. Nf6+ Kg7 39. Nxd7 a5 40. c4 b5 41. Ne5 bxc4 1-0

[Event "Crikvenica City-ch"]
[Site "Crikvenica"]
[Date "2022.02.19"]
[Round "4"]
[White "Fele, Vladimir"]
[Black "Tatai, Igor"]
[Result "1-0"]
[WhiteElo "1806"]
[BlackElo "1600"]
[PlyCount "39"]
[EventDate "2022.02.12"]
[EventType "swiss"]
[EventRounds "7"]
[EventCountry "CRO"]
[SourceTitle "CBM 207 Extra"]
[Source "ChessBase"]
[SourceDate "2022.05.31"]
[SourceVersion "1"]
[SourceVersionDate "2022.05.31"]
[SourceQuality "1"]

1. e4 e5 2. f4 exf4 3. Bc4 Qh4+ 4. Kf1 Bc5 5. d4 Bb6 6. Nf3 Qg4 7. Bxf7+ Kf8 8. Bb3 Nf6 9. Qd3 Nc6 10. c3 d6 11. Bd2 Bd7 12. h3 Qg6 13. Bc2 Nh5 14. Rg1 Ng3+ 15. Ke1 Re8 16. Kd1 Nxe4 17. Kc1 Qg3 18. Qf1 d5 19. Be1 Qg6 20. Nbd2 1-0

[Event "CRO-chT3 West"]
[Site "Croatia"]
[Date "2020.10.25"]
[Round "9.4"]
[White "Fele, Vladimir"]
[Black "Jovanovic, Tome"]
[Result "1/2-1/2"]
[WhiteElo "1831"]
[BlackElo "1557"]
[PlyCount "27"]
[EventDate "2020.09.12"]
[EventType "team-tourn"]
[EventRounds "9"]
[EventCountry "CRO"]
[SourceTitle "EXT 2022"]
[Source "ChessBase"]
[SourceDate "2021.10.06"]
[SourceVersion "1"]
[SourceVersionDate "2021.10.06"]
[SourceQuality "1"]
[WhiteTeam "Crikvenica"]
[BlackTeam "Novi V Zrinski Frankopan"]
[WhiteTeamCountry "CRO"]
[BlackTeamCountry "CRO"]

1. d4 d5 2. c4 c6 3. Nf3 e6 4. Nc3 Nf6 5. Bg5 Be7 6. e3 0-0 7. Bd3 Nbd7 8. 0-0 Re8 9. c5 Nf8 10. Ne5 N6d7 11. Bxe7 Qxe7 12. f4 g6 13. Qf3 f5 14. g4 1/2-1/2

[Event "CRO-chT3 West"]
[Site "Croatia"]
[Date "2020.10.24"]
[Round "7.4"]
[White "Fele, Vladimir"]
[Black "Markovic, Ognjen"]
[Result "1-0"]
[WhiteElo "1831"]
[BlackElo "1627"]
[PlyCount "47"]
[EventDate "2020.09.12"]
[EventType "team-tourn"]
[EventRounds "9"]
[EventCountry "CRO"]
[SourceTitle "EXT 2022"]
[Source "ChessBase"]
[SourceDate "2021.10.06"]
[SourceVersion "1"]
[SourceVersionDate "2021.10.06"]
[SourceQuality "1"]
[WhiteTeam "Crikvenica"]
[BlackTeam "Cres"]
[WhiteTeamCountry "CRO"]
[BlackTeamCountry "CRO"]

1. d4 e6 2. e4 d5 3. e5 c5 4. c3 Nc6 5. Be3 Qa5 6. Qd2 cxd4 7. cxd4 Qxd2+ 8. Nxd2 Nge7 9. Ngf3 Nf5 10. a3 Be7 11. Bd3 Nxe3 12. fxe3 f6 13. 0-0 0-0 14. b4 a6 15. Nb3 b6 16. Rfc1 Bd7 17. Rc2 Ra7 18. Rac1 Rc8 19. g4 fxe5 20. dxe5 Bf8 21. Nbd4 Ne7 22. Rxc8 Bxc8 23. Ng5 h6 24. Ngxe6 1-0

[Event "CRO-chT3 West"]
[Site "Croatia"]
[Date "2017.04.09"]
[Round "5.1"]
[White "Fele, Vladimir"]
[Black "Rajter, Emil"]
[Result "0-1"]
[WhiteElo "1921"]
[BlackElo "1907"]
[PlyCount "54"]
[EventDate "2017.03.25"]
[EventType "team-tourn"]
[EventRounds "9"]
[EventCountry "CRO"]
[SourceTitle "EXT 2019"]
[Source "ChessBase"]
[SourceDate "2018.10.10"]
[SourceVersion "1"]
[SourceVersionDate "2018.10.10"]
[SourceQuality "1"]

1. d4 Nf6 2. c4 e6 3. Nc3 Bb4 4. Bd2 d5 5. e3 0-0 6. Nf3 Nbd7 7. a3 Be7 8. Bd3 dxc4 9. Bxc4 c5 10. 0-0 b6 11. d5 exd5 12. Nxd5 Bb7 13. Nxe7+ Qxe7 14. Bc3 Ne4 15. Rc1 Rad8 16. Qe2 Ndf6 17. Be5 Ng5 18. Bg3 Bxf3 19. gxf3 Rd2 20. h4 Rxe2 21. Bxe2 Ne6 22. Rfd1 Nd4 23. Kf1 Nxe2 24. Kxe2 Rd8 25. Rxd8+ Qxd8 26. Rd1 Qe8 27. Rd2 h6 0-1

[Event "CRO-chT3W"]
[Site "Croatia"]
[Date "2016.03.06"]
[Round "2.2"]
[White "Terlevic, Mladen"]
[Black "Fele, Vladimir"]
[Result "1/2-1/2"]
[WhiteElo "1839"]
[BlackElo "1940"]
[PlyCount "63"]
[EventDate "2016.03.05"]
[EventType "team-tourn"]
[EventRounds "9"]
[EventCountry "CRO"]
[SourceTitle "CBM 171 Extra"]
[Source "ChessBase"]
[SourceDate "2016.04.26"]
[SourceVersion "1"]
[SourceVersionDate "2016.04.26"]
[SourceQuality "1"]
[WhiteTeam "Vodnjan"]
[BlackTeam "Crikvenica"]
[WhiteTeamCountry "CRO"]
[BlackTeamCountry "CRO"]

1. e4 c6 2. d4 d5 3. Nc3 dxe4 4. Nxe4 Bf5 5. Ng3 Bg6 6. Nf3 e6 7. Bd3 Bd6 8. 0-0 Nf6 9. Bg5 Qc7 10. c4 Nbd7 11. c5 Bf4 12. Bxf4 Qxf4 13. Ne2 Qc7 14. Nc3 Bxd3 15. Qxd3 0-0 16. Ne4 Nxe4 17. Qxe4 Nf6 18. Qh4 Nd5 19. g3 Qe7 20. Qe4 Rad8 21. a3 h6 22. Rfe1 Nf6 23. Qc2 Rd5 24. Re5 Rfd8 25. Rae1 Qc7 26. b4 a6 27. Rxd5 Rxd5 28. Re5 Qd7 29. Qe2 Ng4 30. Rxd5 Qxd5 31. Ne5 Nxe5 32. dxe5 1/2-1/2

[Event "CRO-chT2 West"]
[Site "Croatia"]
[Date "2011.11.06"]
[Round "8.53"]
[White "Fele, Vladimir"]
[Black "Zoricic, Marijan"]
[Result "0-1"]
[WhiteElo "1964"]
[BlackElo "2122"]
[PlyCount "70"]
[EventDate "2011.03.12"]
[EventType "team-tourn"]
[EventRounds "9"]
[EventCountry "CRO"]
[SourceTitle "EXT 2014"]
[Source "ChessBase"]
[SourceDate "2013.11.20"]
[SourceVersion "1"]
[SourceVersionDate "2013.11.20"]
[SourceQuality "1"]

1. d4 d5 2. c4 c6 3. cxd5 cxd5 4. Nc3 Nc6 5. Nf3 Nf6 6. e3 Bg4 7. h3 Bh5 8. Bd3 e6 9. a3 a6 10. 0-0 Bd6 11. b4 b5 12. Bd2 0-0 13. Be2 Rc8 14. Ne1 Bg6 15. Bd3 Bb8 16. f4 Ba7 17. Bxg6 hxg6 18. Nd3 Nxd4 19. Nc5 Bxc5 20. bxc5 Nf5 21. g4 Ng3 22. Re1 Re8 23. a4 Rxc5 24. axb5 axb5 25. Rb1 Qd7 26. Kg2 Nge4 27. Ne2 e5 28. fxe5 Rxe5 29. Nf4 Nxd2 30. Qxd2 Qc6 31. Rbc1 d4+ 32. Kh2 dxe3 33. Qd8+ Re8 34. Rxc5 Qxc5 35. Qd3 Qe5 0-1

[Event "CRO-chT3 West"]
[Site "Croatia"]
[Date "2010.04.25"]
[Round "6.44"]
[White "Fele, Vladimir"]
[Black "Kvaternik, Sinisa"]
[Result "1/2-1/2"]
[WhiteElo "1977"]
[BlackElo "2020"]
[PlyCount "45"]
[EventDate "2010.03.27"]
[EventType "team-tourn"]
[EventRounds "9"]
[EventCountry "CRO"]
[SourceTitle "EXT 2012"]
[Source "ChessBase"]
[SourceDate "2011.11.24"]
[SourceVersion "1"]
[SourceVersionDate "2011.11.24"]
[SourceQuality "1"]

1. d4 d5 2. c4 c6 3. Nc3 Nf6 4. Nf3 Bf5 5. Bf4 h6 6. e3 e6 7. Be2 dxc4 8. Bxc4 Bd6 9. Bxd6 Qxd6 10. 0-0 0-0 11. Re1 Ne4 12. Nxe4 Bxe4 13. Bd3 Bxd3 14. Qxd3 Nd7 15. Qb3 b6 16. Rad1 Rad8 17. Rc1 Rc8 18. Red1 Rc7 19. Qc4 Rfc8 20. e4 f6 21. Nh4 Kh7 22. Qd3 e5 23. Qg3 1/2-1/2